THE ROUTLEDGE COMPANION TO PHILOSOPHY OF RELIGION. (Registro nro. 57124)
[ vista simple ]
| 000 -LEADER | |
|---|---|
| fixed length control field | 00345nam a2200121 a 4500 |
| 001 - CONTROL NUMBER | |
| control field | 57124 |
| 005 - DATE AND TIME OF LATEST TRANSACTION | |
| control field | 20180714053211.0 |
| 008 - FIXED-LENGTH DATA ELEMENTS--GENERAL INFORMATION | |
| fixed length control field | 140415s2000 000 0 spa d |
| 041 ## - LANGUAGE CODE | |
| Language code of text/sound track or separate title | spa |
| 245 04 - TITLE STATEMENT | |
| Title | THE ROUTLEDGE COMPANION TO PHILOSOPHY OF RELIGION. |
| 250 ## - EDITION STATEMENT | |
| Edition statement | 1a ed. |
| 260 ## - PUBLICATION, DISTRIBUTION, ETC. | |
| Place of publication, distribution, etc. | [s.l.] : |
| Name of publisher, distributor, etc. | TAYLOR AND FRANCIS GROUP, |
| Date of publication, distribution, etc. | 2000. |
| Withdrawn status | Lost status | Source of classification or shelving scheme | Damaged status | Not for loan | Collection code | Home library | Current library | Shelving location | Date acquired | Source of acquisition | Inventory number | Total Checkouts | Full call number | Barcode | Date last seen | Price effective from | Koha item type |
|---|---|---|---|---|---|---|---|---|---|---|---|---|---|---|---|---|---|
| Dewey Decimal Classification | General | Centro de Estudios en Ciencia y Religión | Centro de Estudios en Ciencia y Religión | Sala general | 03/12/2013 | Compra | 151000000000000000015024 | NULL | 86258 | 05/01/2026 | 20/11/2015 | Libro |